| 000 | 00831nam a2200229 a 4500 | ||
|---|---|---|---|
| 001 | 000039960 | ||
| 005 | 20241021150158.0 | ||
| 008 | 130731s1982 dr 000 0 spa d | ||
| 040 |
_aDO-SdBNP _bspa _cBNPHU |
||
| 082 |
_a342.068 _bH557h |
||
| 100 | 1 |
_aHernández, José María _935855 |
|
| 245 | 1 | 0 |
_aHacia la carrera administrativa para el logro de eficiencia / _cJosé María Hernández, Raymundo Amaro Guzmán, Víctor Melitón Rodríguez. |
| 250 | _a2a ed. | ||
| 260 |
_aSanto Domingo, : _bONAP, _c1982. |
||
| 300 |
_a92 p. ; _c21 cm. |
||
| 490 | 1 |
_aSeminarios _v3 |
|
| 650 | 0 |
_aCarrera administrativa _zRepública Dominicana _935844 |
|
| 650 | 4 |
_aFunción pública _zRepública Dominicana _917764 |
|
| 700 | 1 |
_aAmaro Guzmán, Raymundo _9656 |
|
| 700 | 1 |
_aMelitón Rodríguez, Víctor _921051 |
|
| 830 | 0 |
_aSeminarios _n3 _966176 |
|
| 999 |
_c39450 _d39450 |
||